000
00243nam a2200097Ia 4500
008
170619s9999 xx 000 0 und d
100
_a
Raisinghania- M D
245
0
_a
Ordinary and Partial Differential Equations
260
_b
S. Chand
260
_c
2004
546
_a
ENGLISH
999
_c
17257
_d
17257